Synonymwörterbuch der deutschen Redensarten

Salvato in:
Dettagli Bibliografici
Autore principale: Schemann, Hans
Altri autori: Birkenhauer, Renate
Natura: Libro
Lingua:tedesco
Pubblicazione: Berlin Walter de Gruyter 2012
Edizione:2. Auflage, erweitert um eine Einführung in die Synonymie und Idiomatik
Soggetti:
Tags: Aggiungi Tag
Nessun Tag, puoi essere il primo ad aggiungerne!!

MARC

LEADER 00000nam a2200000 4500
001 0257614
005 20250930081858.5
020 |a 978-3-11-021790-2 
020 |a 978-3-11-021788-9 
020 |a 978-3-11-021789-6 
041 0 |a ger 
044 |a DE 
245 1 0 |a Synonymwörterbuch der deutschen Redensarten  |c von Hans Schemann unter Mitarbeit von Renate Birkenhauer 
250 |a 2. Auflage, erweitert um eine Einführung in die Synonymie und Idiomatik 
264 1 |a Berlin  |b Walter de Gruyter  |c 2012 
300 |a 428 s. 
610 2 0 |a jazykoveda 
610 2 0 |a terminológia 
610 2 0 |a nemčina 
100 1 |a Schemann, Hans 
700 1 |a Birkenhauer, Renate